Countries mentioned in the Wikipedia Page of India - Statistics

General Stats
  • This quiz has been taken 2,208 times
    1,856 since last reset
  • The average score is 21 of 26
Answer Stats
Frequency Context Country % Correct
9 Shares a land border with ... China
99%
13 Shares a land border with ... Pakistan
98%
1 Shares a land border with ... Nepal
97%
2 Independence from ... United Kingdom
97%
3 Shares a land border with ... Bangladesh
96%
5 Has increased its economic, strategic, and military co-operation with ... United States
96%
3 India is in the vicinity of ... Sri Lanka
92%
1 Shares a land border with ... Bhutan
91%
2 Andaman and Nicobar Islands share a maritime border with ... Indonesia
89%
3 Shares a land border with ... Myanmar
89%
4 Signed co-operation agreements involving civilian nuclear energy with ... Russia
87%
1 It pursues a "Look East" policy that seeks to strengthen partnerships with ... Japan
86%
3 Andaman and Nicobar Islands share a maritime border with ... Thailand
85%
1 Test cricket playing against ... in Bangalore, 2010. Australia
79%
2 Indian culture was exported to lands that became part of modern-day ... Malaysia
79%
1 It pursues a "Look East" policy that seeks to strengthen partnerships with ... South Korea
77%
1 Indian culture was exported to lands that became part of modern-day ... Vietnam
76%
1 Indian culture was exported to lands that became part of modern-day ... Laos
74%
2 India is in the vicinity of ... Maldives
74%
2 Has wide-ranging defence relations with ... France
72%
1 Indian culture was exported to lands that became part of modern-day ... Cambodia
71%
1 Signed co-operation agreements involving civilian nuclear energy with ... Canada
64%
2 Indian culture was exported to lands that became part of modern-day ... Philippines
58%
1 Gamal Abdel Nasser of United Arab Republic (now ...) Egypt
55%
1 Indian culture was exported to lands that became part of modern-day ... Brunei
46%
1 Has wide-ranging defence relations with ... Israel
44%
No matching quizzes found
Score Distribution
Percent of People with Each Score
Percentile by Number Answered
Your Score History
You have not taken this quiz since the last reset